000 00248 a2200097 4500
001 1957
100 _aMorri
245 _aEngineering Economy; the analysis of management decisions
260 _aIllinois
_bRobert Hale Ltd
_c1960
090 _c1455
_d1455
942 _aNUST-CAE
_cM
_c5058
999 _c237030
_d237030